Countries That Lost Territory Since 1945 - Statistics

General Stats
  • This quiz has been taken 41 times
  • The average score is 13 of 18
Answer Stats
Answer % Correct
Germany
97%
Russia
92%
France
89%
United States
87%
Italy
84%
Spain
79%
Serbia
76%
China
71%
Portugal
71%
Indonesia
68%
Sudan
68%
Japan
66%
Poland
63%
Egypt
58%
Pakistan
53%
Ethiopia
45%
Finland
45%
Iran
37%
No matching quizzes found
Score Distribution
Percent of People with Each Score
Percentile by Number Answered
Your Score History
You have not taken this quiz